Online katalóg knižníc regiónu Turca

Výstrely na rázcestí ; Smrť čaká pred oknom ; Príbeh jednej pištole (Record no. 20699)

MARC details
000 -LEADER
fixed length control field 01166nam a2200349 a 4500
001 - CONTROL NUMBER
control field 20699
003 - CONTROL NUMBER IDENTIFIER
control field VRT
005 - DATE AND TIME OF LATEST TRANSACTION
control field 20260130105828.0
008 - FIXED-LENGTH DATA ELEMENTS--GENERAL INFORMATION
fixed length control field 950616s1988 xo a g 000 1 slo c
035 ## - SYSTEM CONTROL NUMBER
System control number UKB000178134
039 #9 - LEVEL OF BIBLIOGRAPHIC CONTROL AND CODING DETAIL [OBSOLETE]
Level of rules in bibliographic description 202510291411
Level of effort used to assign nonsubject heading access points fuskovaz
Level of effort used to assign subject headings 201604200935
Level of effort used to assign classification AUTHORITY
Level of effort used to assign subject headings 201604200915
Level of effort used to assign classification gluc
040 ## - CATALOGING SOURCE
Original cataloging agency BAA001
Language of cataloging slo
Transcribing agency BAA001
Description conventions AACR2
041 1# - LANGUAGE CODE
Language code of text/sound track or separate title slo
Language code of original pol
044 ## - COUNTRY OF PUBLISHING/PRODUCING ENTITY CODE
MARC country code xo
ISO country code SK
084 ## - OTHER CLASSIFICATION NUMBER
Classification number W 6(4P)-644.61 Z' 44
Number source UKB
100 1# - MAIN ENTRY--PERSONAL NAME
Personal name Edigey, Jerzy,
Dates associated with a name 1912-1983
245 10 - TITLE STATEMENT
Title Výstrely na rázcestí ; Smrť čaká pred oknom ; Príbeh jednej pištole
Statement of responsibility, etc. Jerzy Edigey ; z poľ. orig. prel. Matej Andráš
260 ## - PUBLICATION, DISTRIBUTION, ETC.
Place of publication, distribution, etc. Bratislava
Name of publisher, distributor, etc. Slovenský spisovateľ
Date of publication, distribution, etc. 1988
300 ## - PHYSICAL DESCRIPTION
Extent 482 s.
490 1# - SERIES STATEMENT
Series statement Zelená knižnica
500 ## - GENERAL NOTE
General note Dokument obsahuje 3 diela
530 ## - ADDITIONAL PHYSICAL FORM AVAILABLE NOTE
Additional physical form available note Dostupný aj zvukový záznam
700 1# - ADDED ENTRY--PERSONAL NAME
Personal name Andráš, Matej
Relationship trl
740 02 - ADDED ENTRY--UNCONTROLLED RELATED/ANALYTICAL TITLE
Uncontrolled related/analytical title Smrť čaká pred oknom
740 02 - ADDED ENTRY--UNCONTROLLED RELATED/ANALYTICAL TITLE
Uncontrolled related/analytical title Príbeh jednej pištole
776 0# - ADDITIONAL PHYSICAL FORM ENTRY
Title Smrť čaká pred oknom
Relationship information [zvukový záznam]
830 #0 - SERIES ADDED ENTRY--UNIFORM TITLE
Uniform title Zelená knižnica
910 ## - USER-OPTION DATA (OCLC)
User-option data ukb
942 ## - ADDED ENTRY ELEMENTS (KOHA)
Source of classification or shelving scheme Dewey Decimal Classification
Koha item type Krásna literatúra pre dospelých
Suppress in OPAC No
949 ## - LOCAL PROCESSING INFORMATION (OCLC)
6 178134-10
a 30.D.21478
b PV.14027-88
949 ## - LOCAL PROCESSING INFORMATION (OCLC)
6 178134-20
a SL.D.07563
b PV.14028-88
Holdings
Stav vyradenia Strata Poškodenie Spôsob nadobudnutia Domovská knižnica Aktuálna knižnica Dátum nadobudnutia Total checkouts Čiarový kód exemplára Date last seen Typ exemplára
      Dar Obecná knižnica Horná Štubňa Obecná knižnica Horná Štubňa 30.01.2026   4736200835 30.01.2026 Krásna literatúra pre dospelých
Projekt je podporený Slovenskou asociáciou knižníc
Prevádzkuje Turčianska knižnica Martin 2026